LEADER 01243nam--2200421---450- 001 990001905560203316 005 20051004163449.0 035 $a000190556 035 $aUSA01000190556 035 $a(ALEPH)000190556USA01 035 $a000190556 100 $a20040804d1982----km-y0itay0103----ba 101 $aita 102 $aIT 105 $aa|||||||001yy 200 1 $aArte romanica$fMeyer Scapiro$gtraduzione di Adriano Sofri 210 $aTorino$cG. Einaudi$d1982 215 $aXXI, 409 p.$cill.$d21 cm 225 2 $aSaggi$v641 410 0$12001$aSaggi$v641 454 1$12001$aRomanesque art$930716 461 1$1001-------$12001 606 0 $aScultura$yFrancia$zSec. 10.-12. 606 0 $aArchitettura$yFrancia$zSec. 10.-12. 606 0 $aArte romanica$yFrancia 676 $a709.44 700 1$aSCHAPIRO,$bMeyer$0132175 702 1$aSOFRI,$bAdriano 801 0$aIT$bsalbc$gISBD 912 $a990001905560203316 951 $aXII.2.A. 72 (Varie Coll 2/641)$b17507 L.M.$cVarie Coll 959 $aBK 969 $aUMA 979 $aSIAV6$b10$c20040804$lUSA01$h1349 979 $aCOPAT4$b90$c20041206$lUSA01$h1426 979 $aCOPAT4$b90$c20051004$lUSA01$h1634 996 $aRomanesque art$930716 997 $aUNISA LEADER 01243nam a2200349 i 4500 001 991000811419707536 005 20020507173905.0 008 960619s1992 us ||| | eng 020 $a0201572869 035 $ab10760532-39ule_inst 035 $aLE01302683$9ExL 040 $aDip.to Matematica$beng 082 0 $a001.6425 084 $aAMS 68N05 084 $aAMS 68N25 100 1 $aShneiderman, Ben$0459931 245 10$aDesigning the user interface :$bstrategies for effective human-computer interaction /$cBen Shneiderman 250 $a2nd ed 260 $aReading, Mass. :$bAddison-Wesley,$cc1992 300 $axvi, 573 p. :$bill. ;$c25 cm. 500 $aIncludes bibliographical references and indexes 650 4$aHuman-computer interaction 650 4$aMonitors and operating systems 650 4$aProgramming 650 4$aSystem design 650 4$aUser interfaces (Computer systems) 907 $a.b10760532$b21-09-06$c28-06-02 912 $a991000811419707536 945 $aLE013 68N SHN11 (1992)$g1$i2013000051543$lle013$o-$pE0.00$q-$rl$s- $t0$u0$v0$w0$x0$y.i10855695$z28-06-02 996 $aDesigning the user interface$9177212 997 $aUNISALENTO 998 $ale013$b01-01-96$cm$da $e-$feng$gus $h0$i1